Islands of Estonia - with a Map - Statistics

General Stats
  • This quiz has been taken 45 times
  • The average score is 10 of 19
Answers on the Map
Answers color-coded by a green-red scale on the quiz's map according to % correct below.
 
Answer Stats
Island Inhabitants Area in km² Archipelago/ Gulf/ Lake % Correct
1 Ö | S Ösel | Saaremaa 30966 2671 West Estonian archipelago
97%
2 D | H Dagö | Hiiumaa 11087 989 West Estonian archipelago
92%
3 M Mohn | Muhu 1476 198 West Estonian archipelago
75%
9 R Runö | Ruhnu 56 11,4 Gulf of Riga
64%
5 W | V Worms | Vormsi 350 93 West Estonian archipelago
64%
13 N Nargen | Naissaar 10 18,6 Gulf of Finland
58%
4 K Kühnö | Kihnu 490 16,4 Gulf of Riga
56%
12 F | V Filsand | Vilsandi 30 8,8 West Estonian archipelago
47%
15 K | V Klein Pakri | Väike-Pakri 8 12,9 Gulf of Finland
47%
8 P Porka | Piirissaar 67 7,8 Lake Peipus
47%
14 W | A Wulf | Aegna 10 2,9 Gulf of Finland
47%
10 A Abruka | Abro 33 8,8 West Estonian archipelago
44%
6 K Kassargen | Kassari 300 19,3 West Estonian archipelago
42%
17 O Odinsholm | Osmussaar 3 4,6 Gulf of Finland
42%
16 S | K Schildau | Kesselaid 7 1,7 West Estonian archipelago
33%
7 W | P Wrangelsholm | Prangli 80 6,4 Gulf of Finland
33%
19 D | K Drotzenholm | Kõinastu laid 1 2,6 West Estonian archipelago
31%
18 E | M Ekholm | Mohni 2 0,6 Gulf of Finland
31%
11 M Manja | Manilaid 31 1,9 Gulf of Riga
31%
No matching quizzes found
Score Distribution
Percent of People with Each Score
Percentile by Number Answered
Your Score History
You have not taken this quiz